000 01000nam0a2200265 4500
001 RU\NLR\BIBL_A\022835057
005 20260622111026.0
010 _92000
035 _a(NLR Aleph) 022835057
090 _a13734201
_c13734201
100 _a20260617d1932 m y0rusy50 zz
101 0 _abua
_crus
102 _aRU
105 _ay z 000 y
181 0 _ai
_baxxe
182 0 _an
200 1 _a1932 on-u ködüge aǰil-un naloγ-un tuqai dürim
_dПоложение о сельхозналоге на 1932 г.
_fПеревод Дабаева
_gБудажапов, Ж. Д. Гомбоин, М. Ширабон (тех. ред.)
_zrus
203 _aТекст
_bвизуальный
_cнепосредственный
210 _aВерхнеудинск
_cБургосиздат
_d1932
215 _a87 с
_d16
517 1 _a1932 оной хүдөө ажалай налог тухай дүрим
_ebua
702 1 _aДабаев
_4730
942 _cBOOK
980 _aNB